| 000 | 00657nam a22001815i 4500 | ||
|---|---|---|---|
| 001 | 169747 | ||
| 003 | ES-MaACL | ||
| 005 | 20230906214201.0 | ||
| 008 | 081119q1862 fr |||| | fre d | ||
| 080 | _a821.111-31"18" | ||
| 100 | 1 |
_aLytton, Edward Bulwer Lytton _cBaron. _974965 |
|
| 245 | 1 | 4 |
_aUne étrange histoire / _cpar l'auteur de La famille Caxton, etc. [Edward Bulwer Lytton]. |
| 260 |
_a[S.l. : _bs.n., _cca. 1862] |
||
| 300 |
_a62 p. ; _c23 cm. |
||
| 594 | _aTítulo y autor tomado del principio del texto. | ||
| 594 | _aEn los encabezamientos de página: Revue britannique. | ||
| 852 | 4 |
_aES-MaACL _jT-119-F-2 _z- Ejemplar falto de portada |
|
| 999 |
_c169747 _d169747 |
||